书目信息 |
| 题名: |
你其实不懂顾客心理学
|
|
| 作者: | 李国强 著 | |
| 分册: | ||
| 出版信息: | 北京 北京理工大学出版社有限责任公司 2017 |
|
| 页数: | 198页 | |
| 开本: | 23cm | |
| 丛书名: | ||
| 单 册: | ||
| 中图分类: | F713.55-49 | |
| 科图分类: | ||
| 主题词: | 商业心理学--通俗读物 | |
| 电子资源: | ||
| ISBN: | 978-7-5682-1669-2 | |
| 000 | 00840nam0 2200229 450 | |
| 001 | 012001004958 | |
| 005 | 20140928162350.0 | |
| 010 | @a978-7-5682-1669-2@dCNY35.00 | |
| 100 | @a20171222d2017 em y0chiy50 ea | |
| 101 | 0 | @achi |
| 102 | @aCN@b110000 | |
| 105 | @ay z 000yy | |
| 106 | @ar | |
| 200 | 1 | @a你其实不懂顾客心理学@9ni qi shi bu dong gu ke xin li xue@f李国强著 |
| 210 | @a北京@c北京理工大学出版社有限责任公司@d2017 | |
| 215 | @a198页@d23cm | |
| 330 | @a本书从心理学的角度解读了一线销售员所面对的心理难题和销售困境,为新晋的销售员提供全方位的培训式指导。书中不但引进了很多知名销售员的成功案例,更注重对实际销售生活中的典型案例进行心理解读。 | |
| 606 | 0 | @a商业心理学@j通俗读物 |
| 690 | @aF713.55-49@v5 | |
| 701 | 0 | @a李国强@9li guo qiang@4著 |
| 801 | 0 | @aCN@b上海新华@c20180901 |
| 905 | @b1167388-92@dF713.55-49@e1091@f5 | |
| 你其实不懂顾客心理学/李国强著.-北京:北京理工大学出版社有限责任公司,2017 |
| 198页;23cm |
| ISBN 978-7-5682-1669-2:CNY35.00 |
| 本书从心理学的角度解读了一线销售员所面对的心理难题和销售困境,为新晋的销售员提供全方位的培训式指导。书中不但引进了很多知名销售员的成功案例,更注重对实际销售生活中的典型案例进行心理解读。 |
| ● |
| 相关链接 |
|
|
|
|
正题名:你其实不懂顾客心理学
索取号:F713.55-49/1091
 
预约/预借
| 序号 | 登录号 | 条形码 | 馆藏地/架位号 | 状态 | 备注 |
| 1 | 1167388 | 211673884 | 第一样本阅览室/ [索取号:F713.55-49/1091] | 在馆 | |
| 2 | 1167389 | 211673893 | 密集书库-海洋学院/ [索取号:F713.55-49/1091] | 在馆 | |
| 3 | 1167390 | 211673900 | 第一借阅区/ [索取号:F713.55-49/1091] | 在馆 | |
| 4 | 1167391 | 211673919 | 第一借阅区/ [索取号:F713.55-49/1091] | 在馆 | |
| 5 | 1167392 | 211673928 | 第一借阅区/ [索取号:F713.55-49/1091] | 在馆 |